Werkstoffkunde und Werkstoffprüfung
Salvato in:
| Autori principali: | , |
|---|---|
| Natura: | Libro |
| Lingua: | tedesco |
| Pubblicazione: |
Wiesbaden :
Viewegs Fachbücher der Technik,
2004
|
| Edizione: | 15. Auflage |
| Soggetti: | |
| Accesso online: | OBSAH |
| Tags: |
Nessun Tag, puoi essere il primo ad aggiungerne!!
|
MARC
| LEADER | 00000nam a22000003a 4500 | ||
|---|---|---|---|
| 001 | stu117093 | ||
| 005 | 20150617225912.3 | ||
| 008 | 060428s2004----gw------------------ger-d | ||
| 020 | |a 3-528-11119-4 | ||
| 040 | |a STU |b slo | ||
| 041 | 0 | |a ger | |
| 044 | |a gw | ||
| 080 | |a 620.1 | ||
| 100 | 1 | |a Weissbach, Wolfgang |4 aut | |
| 245 | 1 | |a Werkstoffkunde und Werkstoffprüfung | |
| 250 | |a 15. Auflage | ||
| 260 | |a Wiesbaden : |b Viewegs Fachbücher der Technik, |c 2004 | ||
| 300 | |a 411 s |c 1 CD-ROM | ||
| 650 | 7 | |a náuka o materiáli |2 stusub | |
| 650 | 7 | |a skúšanie materiálov |2 stusub | |
| 700 | 1 | |a Dahms, Michael |4 aut | |
| 856 | 4 | |a https://sweb.mtf.stuba.sk/obsahy/werksoffkunde_und_werkstoffprufung_04 |u https://sweb.mtf.stuba.sk/obsahy/werksoffkunde_und_werkstoffprufung_04 |3 OBSAH | |
| 996 | |b 284M072923 |c M*11893-1 |l MMST |s A |a 24 |w stu117093_0001 | ||
| 996 | |b 284M072924 |c M*11893-2 |l MMKN |s A |a 24 |w stu117093_0002 | ||